| 000 | 00728nam a22002291 4500 | ||
|---|---|---|---|
| 001 | sa 67001965 | ||
| 003 | DLC | ||
| 005 | 20260227112327.0 | ||
| 008 | 740328s1966 ii c b 00000beng | ||
| 010 | _asa 67001965 | ||
| 025 | _aPL480:I-E-6697 | ||
| 050 | 0 |
_aDS479.1.M6 _bS5 |
|
| 082 |
_a954.03/50924 _aB |
||
| 100 | 1 | 0 | _aSinha, Narendra Krishna. |
| 245 | 0 | 0 |
_aAsutosh Mookerjee; _ba biographical study. |
| 260 | 0 |
_a[Calcutta] _bAsutosh Mookerjee Centenary Committee, _c1966. |
|
| 300 |
_avi, 192 p. _bport. _c22 cm. |
||
| 500 | _aOn verso of t.p.: Published by Sri Priya Ranjan Sen, Calcutta. | ||
| 500 | _aErrata slip inserted. | ||
| 504 | _aIncludes bibliographies. | ||
| 600 | 1 | 0 |
_aMookerjee, Asutosh, _cSir, _d1864-1924. |
| 999 |
_c72966 _d72966 |
||